UBT Library

Statutes on slavery : (Record no. 39110)

000 -LEADER
fixed length control field 00625cam a2200217 a 4500
001 - CONTROL NUMBER
control field 1951341
005 - DATE AND TIME OF LATEST TRANSACTION
control field 20171218083720.0
008 - FIXED-LENGTH DATA ELEMENTS--GENERAL INFORMATION
fixed length control field 871209r1988 nyu l 000 0 eng
010 ## - LIBRARY OF CONGRESS CONTROL NUMBER
LC control number 87035959
020 ## - INTERNATIONAL STANDARD BOOK NUMBER
International Standard Book Number 082406724X (set : alk. paper) :
Terms of availability $150.00
040 ## - CATALOGING SOURCE
Original cataloging agency DLC
Transcribing agency DLC
Modifying agency DLC
041 ## - LANGUAGE CODE
Language code of text/sound track or separate title eng
043 ## - GEOGRAPHIC AREA CODE
Geographic area code n-us---
080 ## - UNIVERSAL DECIMAL CLASSIFICATION NUMBER
Universal Decimal Classification number 346.73013 FIN
082 00 - DEWEY DECIMAL CLASSIFICATION NUMBER
Classification number 346.73013 FIN
-- 347.30613
Edition number 19
100 ## - Rafti
Rafti 21
101 ## - Shkurtesa
Shkurtesa GJL
245 00 - TITLE STATEMENT
Title Statutes on slavery :
Statement of responsibility, etc edited with an introduction by Paul Finkelman.
906 ## - LOCAL DATA ELEMENT F, LDF (RLIN)
a 7
b cbc
c orignew
d 1
e ocip
f 19
g y-gencatlg
942 ## - ADDED ENTRY ELEMENTS (KOHA)
Source of classification or shelving scheme
Item type Books
Holdings
Withdrawn status Lost status Source of classification or shelving scheme Damaged status Not for loan Collection code Permanent location Current location Shelving location Date acquired Total Checkouts Full call number Barcode Date last seen Price effective from Koha item type
          Koleksioni i përgjithshem UBT - Lipjan UBT - Lipjan Koleksioni i përgjithshem 12/18/2017   346.73013 FIN 002-2939045 12/18/2017 12/18/2017 Books
UBT Library © 2015-2024. All rights reserved University Education for Business and Technology